[Event "34ème Open International d'Avoine"]
[Site "AVOINE"]
[Date "2019.07.20"]
[Round "6.41"]
[White "Gely, Yann"]
[Black "Marazanof, Jean-Francois"]
[Result "1-0"]
[WhiteElo "2110"]
[BlackElo "1924"]
[PlyCount "67"]
[EventDate "2019.??.??"]

1. e4 d6 2. d4 Nf6 3. Nc3 g6 4. f3 c6 5. Be3 Nbd7 6. Qd2 b5 7. O-O-O Qa5 8. g4
b4 9. Nb1 Qxa2 10. Qxb4 Rb8 11. Qa3 Qxa3 12. Nxa3 Bg7 13. Ne2 Ba6 14. Ng3 Bxf1
15. Rhxf1 O-O 16. g5 Ne8 17. f4 c5 18. c3 cxd4 19. Bxd4 Bxd4 20. Rxd4 Nc5 21.
Kc2 Nc7 22. f5 Nb5 23. Nxb5 Rxb5 24. b4 Nb7 25. Ra1 a5 26. Rd5 Rxd5 27. exd5
axb4 28. cxb4 gxf5 29. Ra7 f4 30. Nf5 Rb8 31. Nxe7+ Kg7 32. Kd3 Nd8 33. Nc6 Rc8
34. b5 1-0

[Event "34ème Open International d'Avoine"]
[Site "AVOINE"]
[Date "2019.07.20"]
[Round "6.42"]
[White "Wlodarczyk, Cyril"]
[Black "Primel, Dominique"]
[Result "1-0"]
[WhiteElo "2098"]
[BlackElo "1916"]
[PlyCount "67"]
[EventDate "2019.??.??"]

1. e4 c5 2. Nf3 e6 3. g3 Nc6 4. Bg2 g6 5. d4 cxd4 6. Nxd4 Qb6 7. Nb3 Bg7 8. Be3
Qc7 9. Na3 Bf8 10. Nb5 Qb8 11. Bc5 Bxc5 12. Nxc5 Qe5 13. Qd6 Qxd6 14. Nxd6+ Ke7
15. O-O-O Nf6 16. Ncxb7 Bxb7 17. Nxb7 Rab8 18. Nd6 Rb6 19. Nc4 Rb4 20. b3 Rc8
21. Rd2 a5 22. a3 Rbb8 23. a4 Nb4 24. Na3 Na2+ 25. Kb2 Nc3 26. Rd4 e5 27. Rc4
Rxc4 28. Nxc4 Nxa4+ 29. Ka3 Nc3 30. Nxe5 a4 31. Kb2 Ne2 32. Rd1 Rc8 33. Nc4 a3+
34. Nxa3 1-0

[Event "34ème Open International d'Avoine"]
[Site "AVOINE"]
[Date "2019.07.20"]
[Round "6.43"]
[White "Duchateau, Thomas"]
[Black "Delbergue, Alexis"]
[Result "1-0"]
[WhiteElo "2096"]
[BlackElo "1915"]
[PlyCount "71"]
[EventDate "2019.??.??"]

1. d4 Nf6 2. Bf4 d5 3. e3 c5 4. c3 Nc6 5. Nd2 e6 6. Bd3 cxd4 7. exd4 Be7 8.
Ngf3 Qb6 9. Qb3 Qd8 10. O-O Nh5 11. Be5 f6 12. Bg3 Nxg3 13. hxg3 Qd6 14. Rfe1
Bd7 15. Rad1 g5 16. Qc2 h5 17. b4 h4 18. g4 Rc8 19. b5 Nd8 20. c4 Qf4 21. Bg6+
Kf8 22. Qb3 Qd6 23. c5 Qf4 24. Bh5 Kg7 25. Re3 Nf7 26. Bxf7 Kxf7 27. Ne5+ Ke8
28. Ng6 Qxg4 29. Nxh8 Qh5 30. Rc1 Qxh8 31. c6 bxc6 32. bxc6 Kf7 33. Qb7 Qe8 34.
Rec3 Bxc6 35. Rxc6 Rb8 36. Qa6 1-0

[Event "34ème Open International d'Avoine"]
[Site "AVOINE"]
[Date "2019.07.20"]
[Round "6.44"]
[White "Bourdeaud'Huy, Thomas"]
[Black "Gouanelle, Franck"]
[Result "1/2-1/2"]
[WhiteElo "1929"]
[BlackElo "2094"]
[PlyCount "33"]
[EventDate "2019.??.??"]

1. c4 e5 2. Nc3 Nf6 3. g3 Bb4 4. Bg2 O-O 5. a3 Bxc3 6. bxc3 d6 7. d3 h6 8. e3
Re8 9. Ne2 a5 10. e4 a4 11. O-O Nc6 12. h3 Bd7 13. Kh2 Na5 14. Be3 b5 15. cxb5
Bxb5 16. c4 Bd7 17. f4 1/2-1/2

[Event "34ème Open International d'Avoine"]
[Site "AVOINE"]
[Date "2019.07.20"]
[Round "6.45"]
[White "Julien, Jules-Alois"]
[Black "Cavailles, Evan"]
[Result "1/2-1/2"]
[WhiteElo "2093"]
[BlackElo "1896"]
[PlyCount "87"]
[EventDate "2019.??.??"]

1. Nf3 c5 2. g3 Nc6 3. d4 cxd4 4. Nxd4 g6 5. Bg2 Bg7 6. Nb3 d6 7. O-O Nf6 8.
Nc3 O-O 9. Re1 Be6 10. e4 Qd7 11. Nd5 Rac8 12. c3 Rfd8 13. a4 Bh3 14. Bh1 Qe8
15. Qe2 Bg4 16. Qf1 Bd7 17. f4 e6 18. Ne3 Ne7 19. a5 Bc6 20. Nd2 d5 21. e5 Nd7
22. Nf3 Nc5 23. Nd4 Ba4 24. Ra3 Bd7 25. Bf3 Nf5 26. Nexf5 gxf5 27. Kh1 a6 28.
Be3 Ne4 29. Qg2 Qe7 30. Raa1 Kh8 31. Re2 Bb5 32. Nxb5 axb5 33. Qg1 b4 34. Bxe4
dxe4 35. Bd4 bxc3 36. bxc3 Qd7 37. Rb2 Qd5 38. Qe3 Rd7 39. Kg1 Ra8 40. Rba2 h6
41. Kf2 Kh7 42. Qe2 Bf8 43. Ke3 Bc5 44. Qb2 1/2-1/2

[Event "34ème Open International d'Avoine"]
[Site "AVOINE"]
[Date "2019.07.20"]
[Round "6.46"]
[White "Baron, Daniel"]
[Black "Lemonnier, Remi"]
[Result "0-1"]
[WhiteElo "1905"]
[BlackElo "2093"]
[PlyCount "56"]
[EventDate "2019.??.??"]

1. c4 Nf6 2. g3 e5 3. Bg2 d5 4. cxd5 Nxd5 5. Nc3 Be6 6. d4 Bb4 7. dxe5 Nxc3 8.
Qxd8+ Kxd8 9. Bxb7 Bd5 10. Bxa8 Bxa8 11. f3 Nd5+ 12. Kf2 Bc5+ 13. e3 Nd7 14.
Ne2 Nxe5 15. Rd1 Ke7 16. Nd4 Rd8 17. a3 g6 18. e4 Nf6 19. Be3 Ke8 20. Nc2 Nfd7
21. b4 Bb6 22. g4 c5 23. bxc5 Nxc5 24. Rxd8+ Kxd8 25. Rd1+ Ke7 26. Nb4 Nxe4+
27. fxe4 Nxg4+ 28. Kf3 Nxe3 0-1

[Event "34ème Open International d'Avoine"]
[Site "AVOINE"]
[Date "2019.07.20"]
[Round "6.47"]
[White "David, Alexandre"]
[Black "Ouadi, Ali"]
[Result "1-0"]
[WhiteElo "2091"]
[BlackElo "1880"]
[PlyCount "43"]
[EventDate "2019.??.??"]

1. d4 b6 2. Nf3 Bb7 3. Nbd2 Nf6 4. e3 e6 5. Bd3 d5 6. b3 Bb4 7. Bb2 Ne4 8. O-O
O-O 9. c4 Nd7 10. a3 Bd6 11. b4 Nxd2 12. Nxd2 dxc4 13. Nxc4 Bxh2+ 14. Kxh2 Qh4+
15. Kg1 Bxg2 16. Kxg2 Qg5+ 17. Kf3 f5 18. Ke2 f4 19. e4 Rae8 20. f3 b5 21. Na5
Ne5 22. dxe5 1-0

[Event "34ème Open International d'Avoine"]
[Site "AVOINE"]
[Date "2019.07.20"]
[Round "6.48"]
[White "Amaury"]
[Black "Cau, Benjamin"]
[Result "1/2-1/2"]
[WhiteElo "1896"]
[BlackElo "2073"]
[PlyCount "84"]
[EventDate "2019.??.??"]

1. e4 c6 2. c4 d5 3. exd5 cxd5 4. cxd5 Qxd5 5. Nc3 Qa5 6. d4 Nf6 7. Nf3 e6 8.
Bc4 Be7 9. O-O O-O 10. Re1 Nc6 11. Bf4 Nd5 12. Bxd5 exd5 13. Qb3 Bb4 14. Re3
Bg4 15. Rd1 Rfd8 16. a3 Bxc3 17. Rxc3 Rd7 18. Rc5 Qd8 19. Rd2 Bxf3 20. Qxf3 Qf6
21. Qg4 Qg6 22. Qxg6 hxg6 23. Kf1 Re8 24. Be3 f6 25. Ke2 g5 26. Kd3 g4 27. f3
gxf3 28. gxf3 Ne7 29. Rdc2 Nf5 30. Bf2 Kf7 31. Rc7 Rxc7 32. Rxc7+ Re7 33. Rxe7+
Nxe7 34. Bg3 Ke6 35. Bc7 a6 36. b3 Kf5 37. Ke3 Nc6 38. Kd3 Na7 39. a4 b5 40.
Bd6 Nc6 41. Bf8 g6 42. Bd6 Ke6 1/2-1/2

[Event "34ème Open International d'Avoine"]
[Site "AVOINE"]
[Date "2019.07.20"]
[Round "6.49"]
[White "Joly, Julien"]
[Black "Leccia, Antoine"]
[Result "1/2-1/2"]
[WhiteElo "2060"]
[BlackElo "1876"]
[PlyCount "133"]
[EventDate "2019.??.??"]
[WhiteTeam "Echecs Club de Corbas"]
[BlackTeam "Corsica Chess Club"]

1. Nf3 e6 2. g3 b5 3. Bg2 Bb7 4. O-O f5 5. a4 b4 6. c3 Nf6 7. d3 Be7 8. cxb4
Bxb4 9. a5 Be7 10. Nc3 O-O 11. Qb3 Bc6 12. h3 Na6 13. Nd4 Bxg2 14. Kxg2 Rb8 15.
Qc4 Qc8 16. Nxf5 Bd8 17. Nh4 d5 18. Qa2 Nb4 19. Qa4 Nd7 20. Nf3 e5 21. Qd1 Qb7
22. d4 exd4 23. Nxd4 c5 24. Nf3 d4 25. Na4 Qc6 26. Kh2 Bxa5 27. Bd2 Bd8 28. Rc1
d3 29. Ng1 dxe2 30. Nxe2 Nd3 31. f4 Nxc1 32. Bxc1 Nf6 33. Nac3 Ne4 34. Qc2 Nxc3
35. Nxc3 Bf6 36. Ne4 Qb5 37. Rf2 h6 38. Qd1 Bd4 39. Rg2 Qb3 40. Qg4 Qd5 41. Qf3
Qf7 42. Qg4 Rb4 43. Qf3 Rb3 44. Qg4 Qf5 45. Qe2 Qe6 46. Qc2 Rb5 47. Qd3 Rfb8
48. Re2 Qb3 49. Qd2 Kh8 50. Qe1 R5b6 51. h4 Re8 52. Nc3 Rxe2+ 53. Qxe2 Bxc3 54.
bxc3 Qe6 55. Qf3 Ra6 56. Be3 Ra2+ 57. Kg1 Qf5 58. Bf2 Qb1+ 59. Kg2 Qc2 60. Kh3
Ra1 61. f5 Qb1 62. Kh2 Ra6 63. Bxc5 Qa2+ 64. Kh3 Qf7 65. Bd4 Ra2 66. Qf4 Kh7
67. Qe4 1/2-1/2

[Event "34ème Open International d'Avoine"]
[Site "AVOINE"]
[Date "2019.07.20"]
[Round "6.50"]
[White "Boulart, Emilie"]
[Black "Roux, Baptiste"]
[Result "0-1"]
[WhiteElo "1763"]
[BlackElo "2056"]
[PlyCount "86"]
[EventDate "2019.??.??"]

1. e4 c5 2. c3 Nf6 3. e5 Nd5 4. d4 cxd4 5. cxd4 e6 6. Nf3 d6 7. Bc4 Be7 8. O-O
O-O 9. Qb3 Nb6 10. Bd3 Bd7 11. Nc3 Bc6 12. Qd1 N8d7 13. Bf4 dxe5 14. dxe5 Nc5
15. Be2 Nd5 16. Nxd5 Bxd5 17. b3 Ne4 18. Rc1 Qa5 19. a4 Ba3 20. Ra1 Bb4 21. Bc4
Nc3 22. Qc2 Bxc4 23. bxc4 Rac8 24. Be3 Rxc4 25. Qb3 Rfc8 26. Kh1 Nd5 27. Bd4
Qc7 28. Rab1 a5 29. Qd3 h6 30. Nd2 Bxd2 31. Qxd2 Rxa4 32. h3 Rc4 33. Rb5 a4 34.
Rfb1 Rc2 35. Qd3 Qc6 36. Rxb7 Nf4 37. Qf3 Qxf3 38. gxf3 Nxh3 39. R1b2 Rxb2 40.
Rxb2 Nf4 41. Ra2 Ra8 42. Be3 Nd3 43. Kg2 Nxe5 0-1

[Event "34ème Open International d'Avoine"]
[Site "AVOINE"]
[Date "2019.07.20"]
[Round "7.1"]
[White "Haub, Thorsten Michael"]
[Black "Mullon, Jean-Baptiste"]
[Result "1-0"]
[WhiteElo "2404"]
[BlackElo "2378"]
[PlyCount "97"]
[EventDate "2019.??.??"]
[WhiteTeam "L'Echiquier Dieppois"]
[BlackTeam "Echiquier Agenais"]

1. Nf3 {[%emt 0:00:00]} d5 {[%emt 0:00:10]} 2. g3 {[%emt 0:00:06]} c6 {
[%emt 0:00:00]} 3. Bg2 {[%emt 0:00:06]} Bg4 {[%emt 0:00:11]} 4. O-O {
[%emt 0:00:12]} Nd7 {[%emt 0:00:13]} 5. d3 {[%emt 0:00:10]} e6 {[%emt 0:00:16]}
6. Qe1 {[%emt 0:00:12]} Bc5 {[%emt 0:00:42]} 7. e4 {[%emt 0:00:49]} Ne7 {
[%emt 0:01:16]} 8. Nbd2 {[%emt 0:02:08]} O-O {[%emt 0:01:26]} 9. h3 {
[%emt 0:00:11]} Bh5 {[%emt 0:00:00]} 10. Kh1 {[%emt 0:00:33]} Qc7 {
[%emt 0:07:21]} 11. Nh2 {[%emt 0:12:10]} e5 {[%emt 0:09:44]} 12. f4 {
[%emt 0:08:48]} exf4 {[%emt 0:04:41]} 13. gxf4 {[%emt 0:00:09]} f6 {
[%emt 0:01:52]} 14. Nb3 {[%emt 0:14:52]} Bb6 {[%emt 0:04:00]} 15. f5 {
[%emt 0:24:27]} Qd8 {[%emt 0:11:17]} 16. Qh4 {[%emt 0:07:11]} Qe8 {
[%emt 0:03:00]} 17. Bf4 {[%emt 0:03:27]} dxe4 {[%emt 0:00:49]} 18. Bxe4 {
[%emt 0:01:48]} Bf7 {[%emt 0:08:16]} 19. Bd6 {[%emt 0:08:23]} Qd8 {
[%emt 0:05:00]} 20. Ng4 {[%emt 0:06:07]} Kh8 {[%emt 0:01:42]} 21. Rae1 {
[%emt 0:02:47]} Re8 {[%emt 0:02:53]} 22. Re2 {[%emt 0:06:16]} Nf8 {
[%emt 0:01:35]} 23. Nh6 {[%emt 0:06:36]} Bg8 {[%emt 0:02:52]} 24. Ba3 {
[%emt 0:24:38]} Qc7 {[%emt 0:01:00]} 25. Rg2 {[%emt 0:01:24]} Be3 {
[%emt 0:00:31]} 26. Nxg8 {[%emt 0:00:22]} Nxg8 {[%emt 0:01:17]} 27. Qg3 {
[%emt 0:01:53]} Qxg3 {[%emt 0:00:02]} 28. Rxg3 {[%emt 0:00:05]} Bb6 {
[%emt 0:00:17]} 29. Nc5 {[%emt 0:03:27]} Rab8 {[%emt 0:03:00]} 30. Rfg1 {
[%emt 0:00:15]} Re7 {[%emt 0:00:27]} 31. R1g2 {[%emt 0:00:39]} Bc7 {
[%emt 0:02:51]} 32. Rf3 {[%emt 0:00:02]} Bd6 {[%emt 0:00:34]} 33. b4 {
[%emt 0:01:04]} Rd8 {[%emt 0:01:08]} 34. Rf1 {[%emt 0:05:13]} Rc8 {
[%emt 0:00:00]} 35. Bb2 {[%emt 0:00:17]} b6 {[%emt 0:00:11]} 36. Na6 {
[%emt 0:01:05]} Nd7 {[%emt 0:00:32]} 37. c4 {[%emt 0:00:21]} Be5 {
[%emt 0:00:22]} 38. Bc1 {[%emt 0:00:00]} Bd4 {[%emt 0:01:45]} 39. Bf4 {
[%emt 0:00:15]} Ne5 {[%emt 0:00:52]} 40. Rc2 {[%emt 0:01:45]} Rd7 {
[%emt 0:03:29]} 41. a4 {[%emt 0:02:47]} Nh6 {[%emt 0:00:00]} 42. Bxe5 {
[%emt 0:11:24]} Bxe5 {[%emt 0:01:28]} 43. c5 Nf7 {[%emt 0:07:00]} 44. cxb6 {
[%emt 0:00:02]} axb6 {[%emt 0:06:15]} 45. Rfc1 {[%emt 0:07:17]} Nd8 {
[%emt 0:01:41]} 46. b5 {[%emt 0:08:07]} c5 {[%emt 0:00:50]} 47. a5 {
[%emt 0:00:41]} bxa5 {[%emt 0:00:03]} 48. Nxc5 {[%emt 0:02:30]} Rd6 {
[%emt 0:07:42]} 49. Ne6 {
1-0 (49) Haub,T (2404)-Mullon,J (2378) Avoine, France 2019 [%emt 0:00:55]} 1-0

[Event "34ème Open International d'Avoine"]
[Site "AVOINE"]
[Date "2019.07.20"]
[Round "7.2"]
[White "Ollier, Pablo"]
[Black "Stephan, Victor"]
[Result "*"]
[WhiteElo "2381"]
[BlackElo "2358"]
[PlyCount "92"]
[EventDate "2019.??.??"]
[WhiteTeam "Echiquier Médocain"]
[BlackTeam "C'Chartres Echecs"]

1. d4 {[%emt 0:00:17]} Nf6 {[%emt 0:00:21]} 2. c4 {[%emt 0:00:17]} e6 {
[%emt 0:00:00]} 3. Nc3 {[%emt 0:00:08]} c5 {[%emt 0:01:04]} 4. d5 {
[%emt 0:00:14]} exd5 {[%emt 0:00:13]} 5. cxd5 {[%emt 0:00:09]} d6 {
[%emt 0:00:09]} 6. Nf3 {[%emt 0:00:00]} g6 {[%emt 0:00:14]} 7. Qa4+ {
[%emt 0:00:09]} Nbd7 {[%emt 0:03:40]} 8. Bf4 {[%emt 0:00:39]} Be7 {
[%emt 0:02:53]} 9. e4 {[%emt 0:00:17]} O-O {[%emt 0:00:00]} 10. Qc2 {
[%emt 0:00:16]} a6 {[%emt 0:02:39]} 11. a4 {[%emt 0:00:13]} Nh5 {[%emt 0:03:23]
} 12. Be3 {[%emt 0:01:12]} Bf6 {[%emt 0:01:47]} 13. Be2 {[%emt 0:01:07]} Ng7 {
[%emt 0:05:46]} 14. h3 {[%emt 0:04:05]} Re8 {[%emt 0:04:00]} 15. O-O {
[%emt 0:04:14]} Ne5 {[%emt 0:00:52]} 16. Nd2 {[%emt 0:14:01]} g5 {
[%emt 0:01:14]} 17. Rfe1 {[%emt 0:03:32]} Rb8 {[%emt 0:07:32]} 18. Bf1 {
[%emt 0:01:14]} g4 {[%emt 0:03:07]} 19. f4 {[%emt 0:05:13]} gxf3 {
[%emt 0:01:42]} 20. gxf3 {[%emt 0:00:11]} Ng6 {[%emt 0:06:35]} 21. f4 {
[%emt 0:06:00]} Bd4 {[%emt 0:05:42]} 22. Bxd4 {[%emt 0:03:22]} cxd4 {
[%emt 0:00:19]} 23. Ne2 {[%emt 0:00:00]} f5 {[%emt 0:03:27]} 24. Nxd4 {
[%emt 0:07:37]} Qb6 {[%emt 0:04:47]} 25. N2b3 {[%emt 0:08:17]} fxe4 {
[%emt 0:04:58]} 26. a5 {[%emt 0:02:50]} Qa7 {[%emt 0:03:15]} 27. Rxe4 {
[%emt 0:02:04]} Bf5 {[%emt 0:01:53]} 28. Rxe8+ {[%emt 0:00:00]} Rxe8 {
[%emt 0:00:09]} 29. Qc7 {[%emt 0:07:05]} Nxf4 {[%emt 0:07:24]} 30. Qxd6 {
[%emt 0:01:23]} Nxh3+ {[%emt 0:00:46]} 31. Kh2 {[%emt 0:03:21]} Ng5 {
[%emt 0:01:15]} 32. Qf4 {[%emt 0:04:42]} Re4 {[%emt 0:04:37]} 33. Qxg5 {
[%emt 0:00:27]} Qb8+ {[%emt 0:01:01]} 34. Kh1 {[%emt 0:01:21]} Rg4 {
[%emt 0:01:11]} 35. Qxg7+ {[%emt 0:02:38]} Rxg7 {[%emt 0:01:57]} 36. Nxf5 {
[%emt 0:00:06]} Rg5 {[%emt 0:00:54]} 37. Bh3 {[%emt 0:03:31]} Qe5 {
[%emt 0:03:17]} 38. Rg1 {[%emt 0:06:07]} Qxd5+ {[%emt 0:03:15]} 39. Rg2 {
[%emt 0:06:37]} Qd1+ {[%emt 0:04:47]} 40. Kh2 {[%emt 0:00:06]} Rxg2+ {
[%emt 0:00:12]} 41. Bxg2 {[%emt 0:00:05]} Qh5+ {[%emt 0:01:10]} 42. Bh3 {
[%emt 0:00:35]} Qe2+ {[%emt 0:00:11]} 43. Bg2 {[%emt 0:08:16]} Qe5+ {
[%emt 0:04:33]} 44. Ng3 {[%emt 0:00:09]} h5 {[%emt 0:00:53]} 45. Kh3 {
[%emt 0:01:06]} Qe6+ {[%emt 0:00:23]} 46. Kh4 {[%emt 0:01:08]} Qg4# {
Ollier,P (2381)-Stephan,V (2358) Avoine, France 2019 [%emt 0:00:08]} *

[Event "34ème Open International d'Avoine"]
[Site "AVOINE"]
[Date "2019.07.20"]
[Round "7.3"]
[White "Colin, Vincent"]
[Black "Deslandes, Pascal"]
[Result "1-0"]
[WhiteElo "2370"]
[BlackElo "2341"]
[PlyCount "61"]
[EventDate "2019.??.??"]
[WhiteTeam "Les Tours des Hauts de France - St Quentin"]
[BlackTeam "Club d'Echecs du Vesinet"]

1. d4 {[%emt 0:00:10]} Nf6 {[%emt 0:00:07]} 2. c4 {[%emt 0:00:09]} g6 {
[%emt 0:00:00]} 3. Nc3 {[%emt 0:00:06]} Bg7 {[%emt 0:00:08]} 4. e4 {
[%emt 0:00:06]} d6 {[%emt 0:00:08]} 5. f4 {[%emt 0:00:05]} O-O {[%emt 0:00:36]}
6. Nf3 {[%emt 0:00:00]} c5 {[%emt 0:00:46]} 7. d5 {[%emt 0:01:14]} e6 {
[%emt 0:00:42]} 8. Be2 {[%emt 0:00:10]} exd5 {[%emt 0:00:26]} 9. cxd5 {
[%emt 0:00:32]} Bg4 {[%emt 0:02:00]} 10. O-O {[%emt 0:01:00]} Nbd7 {
[%emt 0:01:14]} 11. h3 {[%emt 0:00:08]} Bxf3 {[%emt 0:00:11]} 12. Bxf3 {
[%emt 0:00:04]} Re8 {[%emt 0:07:33]} 13. g4 {[%emt 0:01:02]} h6 {[%emt 0:05:01]
} 14. h4 {[%emt 0:12:53]} h5 {[%emt 0:27:51]} 15. g5 {[%emt 0:00:13]} Ng4 {
[%emt 0:01:06]} 16. Kg2 {[%emt 0:09:24]} c4 {[%emt 0:13:36]} 17. e5 {
[%emt 0:17:16]} dxe5 {[%emt 0:02:46]} 18. d6 {[%emt 0:00:00]} Nc5 {
[%emt 0:05:39]} 19. Qd5 {[%emt 0:10:47]} Nd3 {[%emt 0:11:34]} 20. Bxg4 {
[%emt 0:13:24]} hxg4 {[%emt 0:00:05]} 21. f5 {[%emt 0:00:08]} gxf5 {
[%emt 0:01:00]} 22. g6 {[%emt 0:01:59]} Qf6 {[%emt 0:00:23]} 23. gxf7+ {
[%emt 0:00:11]} Qxf7 {[%emt 0:00:08]} 24. Rxf5 {[%emt 0:00:07]} Nf4+ {
[%emt 0:08:55]} 25. Bxf4 {[%emt 0:01:07]} Qxd5+ {[%emt 0:00:06]} 26. Nxd5 {
[%emt 0:00:08]} exf4 {[%emt 0:00:06]} 27. Ne7+ {[%emt 0:01:03]} Rxe7 {
[%emt 0:15:55]} 28. dxe7 {[%emt 0:00:11]} f3+ {[%emt 0:00:11]} 29. Kg3 {
[%emt 0:05:13]} Re8 {[%emt 0:00:00]} 30. Re1 {[%emt 0:00:06]} Bd4 {
[%emt 0:01:55]} 31. Re4 {
1-0 (31) Colin,V (2370)-Deslandes,P (2341) Avoine, France 2019 [%emt 0:01:55]}
1-0

[Event "34ème Open International d'Avoine"]
[Site "AVOINE"]
[Date "2019.07.20"]
[Round "7.4"]
[White "Lejarre, Ludovic"]
[Black "Maiorov, Nikita"]
[Result "*"]
[WhiteElo "2345"]
[BlackElo "2522"]
[PlyCount "144"]
[EventDate "2019.??.??"]
[WhiteTeam "Rennes Paul Bert"]

1. e4 {[%emt 0:00:07]} e5 {[%emt 0:04:24]} 2. Nf3 {[%emt 0:00:42]} Nc6 {
[%emt 0:00:11]} 3. Bc4 {[%emt 0:00:45]} Bc5 {[%emt 0:00:07]} 4. d3 {
[%emt 0:00:37]} Nf6 {[%emt 0:00:06]} 5. Nc3 {[%emt 0:01:24]} h6 {[%emt 0:01:14]
} 6. h3 {[%emt 0:03:05]} a6 {[%emt 0:02:51]} 7. a3 {[%emt 0:00:41]} d6 {
[%emt 0:01:26]} 8. Ne2 {[%emt 0:02:36]} O-O {[%emt 0:00:56]} 9. O-O {
[%emt 0:06:29]} Re8 {[%emt 0:05:00]} 10. Ng3 {[%emt 0:01:11]} b5 {
[%emt 0:02:14]} 11. Ba2 {[%emt 0:00:35]} Be6 {[%emt 0:00:20]} 12. Be3 {
[%emt 0:04:54]} Bxe3 {[%emt 0:14:45]} 13. fxe3 {[%emt 0:00:14]} Bxa2 {
[%emt 0:00:04]} 14. Rxa2 {[%emt 0:00:06]} Ne7 {[%emt 0:00:00]} 15. Nh4 {
[%emt 0:00:59]} Nh7 {[%emt 0:05:14]} 16. Qg4 {[%emt 0:32:52]} Rf8 {
[%emt 0:19:56]} 17. Raa1 {[%emt 0:08:21]} Kh8 {[%emt 0:01:02]} 18. Rf2 {
[%emt 0:09:29]} g6 {[%emt 0:00:53]} 19. Raf1 {[%emt 0:01:23]} Qe8 {
[%emt 0:03:00]} 20. Ne2 {[%emt 0:04:41]} Ng5 {[%emt 0:06:30]} 21. Nc3 {
[%emt 0:01:24]} Kh7 {[%emt 0:02:16]} 22. Rf6 {[%emt 0:11:55]} Kg7 {
[%emt 0:03:15]} 23. Nd5 {[%emt 0:02:03]} Nxd5 {[%emt 0:01:38]} 24. exd5 {
[%emt 0:00:05]} Qe7 {[%emt 0:00:36]} 25. R6f2 {[%emt 0:04:34]} e4 {
[%emt 0:03:19]} 26. dxe4 {[%emt 0:03:01]} Qxe4 {[%emt 0:00:10]} 27. Qxe4 {
[%emt 0:04:04]} Nxe4 {[%emt 0:03:18]} 28. Rf4 {[%emt 0:00:24]} Rae8 {
[%emt 0:01:42]} 29. Rd1 {[%emt 0:01:57]} Re7 {[%emt 0:02:09]} 30. Rff1 {
[%emt 0:00:16]} Rfe8 {[%emt 0:01:25]} 31. Rfe1 {[%emt 0:01:28]} Nf6 {
[%emt 0:00:54]} 32. Kf2 {[%emt 0:00:16]} Re5 {[%emt 0:00:08]} 33. Nf3 {
[%emt 0:00:00]} Rxd5 {[%emt 0:00:09]} 34. Rxd5 {[%emt 0:00:06]} Nxd5 {
[%emt 0:00:07]} 35. e4 {[%emt 0:02:11]} Nb6 {[%emt 0:00:07]} 36. b3 {
[%emt 0:00:12]} Nd7 {[%emt 0:00:22]} 37. Re3 {[%emt 0:00:53]} Nc5 {
[%emt 0:04:20]} 38. Nd2 {[%emt 0:00:00]} Re5 {[%emt 0:01:46]} 39. Kf3 {
[%emt 0:00:46]} Ne6 {[%emt 0:01:12]} 40. c3 {[%emt 0:01:21]} d5 {[%emt 0:05:42]
} 41. h4 {[%emt 0:06:33]} d4 {[%emt 0:02:00]} 42. cxd4 {[%emt 0:01:21]} Nxd4+ {
[%emt 0:00:03]} 43. Kf4 {[%emt 0:02:39]} Re6 {[%emt 0:04:40]} 44. b4 {
[%emt 0:02:37]} Rd6 {[%emt 0:14:23]} 45. Nf3 {[%emt 0:11:57]} Ne6+ {
[%emt 0:00:14]} 46. Kg3 {[%emt 0:00:37]} c5 {[%emt 0:00:00]} 47. bxc5 {
[%emt 0:00:28]} Nxc5 {[%emt 0:00:03]} 48. Kf2 {[%emt 0:01:28]} Rd1 {
[%emt 0:00:19]} 49. Ke2 {[%emt 0:00:44]} Rc1 {[%emt 0:01:02]} 50. g3 {
[%emt 0:02:47]} Rc4 {[%emt 0:00:54]} 51. Nd2 {[%emt 0:01:44]} Rd4 {
[%emt 0:00:00]} 52. Kd1 {[%emt 0:07:03]} Kf6 {[%emt 0:11:11]} 53. Kc2 {
[%emt 0:00:37]} Ke6 {[%emt 0:00:23]} 54. Kc3 {[%emt 0:00:41]} Ra4 {
[%emt 0:01:06]} 55. Kc2 {[%emt 0:02:27]} Nd7 {[%emt 0:00:39]} 56. Rc3 {
[%emt 0:00:40]} Kd6 {[%emt 0:03:15]} 57. Rd3+ {[%emt 0:00:23]} Ke7 {
[%emt 0:00:07]} 58. Rc3 {[%emt 0:01:04]} Ne5 {[%emt 0:00:37]} 59. Kb3 {
[%emt 0:01:13]} Rd4 {[%emt 0:02:24]} 60. Kc2 {[%emt 0:00:00]} Rd6 {
[%emt 0:02:55]} 61. Rc7+ {[%emt 0:01:11]} Kf6 {[%emt 0:00:12]} 62. Rb7 {
[%emt 0:05:06]} Rc6+ {[%emt 0:05:48]} 63. Kb3 {[%emt 0:00:27]} Ke6 {
[%emt 0:00:35]} 64. Ra7 {[%emt 0:00:43]} Rd6 {[%emt 0:00:57]} 65. Kc2 {
[%emt 0:01:53]} Nc6 {[%emt 0:00:14]} 66. Rb7 {[%emt 0:00:29]} Nd4+ {
[%emt 0:00:10]} 67. Kb2 {[%emt 0:00:12]} Ne2 {[%emt 0:02:04]} 68. Nb3 {
[%emt 0:00:17]} Nxg3 {[%emt 0:00:00]} 69. Nc5+ {[%emt 0:00:05]} Kf6 {
[%emt 0:01:27]} 70. Ra7 {[%emt 0:02:53]} Rc6 {[%emt 0:02:18]} 71. Nxa6 {
[%emt 0:00:37]} Nxe4 {[%emt 0:00:19]} 72. Nc7 {[%emt 0:00:08]} Nd6 {
Lejarre,L (2345)-Maiorov,N (2522) Avoine, France 2019 [%emt 0:00:51]} *